ABHINAV PRASUTI TANTRA (Record no. 11525)

MARC details
000 -LEADER
fixed length control field 00290nam a22001337a 4500
003 - CONTROL NUMBER IDENTIFIER
control field SGT
082 ## - DEWEY DECIMAL CLASSIFICATION NUMBER
Classification number 615.538
Item number A17D
100 ## - MAIN ENTRY--PERSONAL NAME
Personal name DIWEDEE, MANJARI
245 ## - TITLE STATEMENT
Title ABHINAV PRASUTI TANTRA
260 ## - PUBLICATION, DISTRIBUTION, ETC. (IMPRINT)
Place of publication, distribution, etc DELHI
Name of publisher, distributor, etc CHAUKHAMBHA PUB
Year of Publication 2017
300 ## - PAGE DESCRIPTION
No. of Pages 359
650 ## - SUBJECT ADDED ENTRY--TOPICAL TERM
Topical term or geographic name as entry element AYURVEDA
942 ## - ADDED ENTRY ELEMENTS (KOHA)
Source of classification or shelving scheme Dewey Decimal Classification
Koha item type Books
942 ## - ADDED ENTRY ELEMENTS (KOHA)
-- 1
Holdings
Withdrawn status Lost status Source of classification or shelving scheme Damaged status Not for loan Collection code Home library Current library Shelving location Date acquired Vendor Name Cost, normal purchase price SGTU Bill Number Total Checkouts Full call number Accession No. (Barcode) Date last seen Date last borrowed Bill Date Koha item type Use restrictions Total Renewals
    Dewey Decimal Classification     AYURVEDA SGT FA-FP Library SGT FA-FP Library Text Book 18/04/2017 CHAUKHAMBHA PUB 295.00 SGTU 55/17-18 12 615.538 A17D FA6570 05/05/2025 05/05/2025 06/04/2017 Books    
    Dewey Decimal Classification     AYURVEDA SGT FA-FP Library SGT FA-FP Library Reference Book 18/04/2017 CHAUKHAMBHA PUB 295.00 SGTU 55/17-18 24 615.538 A17D FA6571 21/10/2021 01/10/2021 06/04/2017 Books Restricted Access  
    Dewey Decimal Classification     AYURVEDA SGT FA-FP Library SGT FA-FP Library Text Book 18/04/2017 CHAUKHAMBHA PUB 295.00 SGTU 55/17-18 14 615.538 A17D FA6572 09/03/2026 21/02/2026 06/04/2017 Books    
    Dewey Decimal Classification     AYURVEDA SGT FA-FP Library SGT FA-FP Library Text Book 18/04/2017 CHAUKHAMBHA PUB 295.00 SGTU 55/17-18 18 615.538 A17D FA6573 21/06/2021 05/04/2021 06/04/2017 Books   1
    Dewey Decimal Classification     AYURVEDA SGT FA-FP Library SGT FA-FP Library Text Book 18/04/2017 CHAUKHAMBHA PUB 295.00 SGTU 55/17-18 11 615.538 A17D FA6574 18/11/2019 18/11/2019 06/04/2017 Books